Merchant banking: principles and practice (Record no. 378486)

000 -LEADER
fixed length control field 00407cam a22001457a 4500
008 - FIXED-LENGTH DATA ELEMENTS--GENERAL INFORMATION
fixed length control field 180718b1995 xxu||||| |||| 00| 0 eng d
020 ## - INTERNATIONAL STANDARD BOOK NUMBER
International Standard Book Number 8122406904
082 ## - DEWEY DECIMAL CLASSIFICATION NUMBER
Classification number T42x54 M119
100 ## - MAIN ENTRY--PERSONAL NAME
Personal name Machiraju, H.R.
245 ## - TITLE STATEMENT
Title Merchant banking: principles and practice
Statement of responsibility, etc. by H.R. Machiraju
260 ## - PUBLICATION, DISTRIBUTION, ETC.
Place of publication, distribution, etc. New Delhi
Name of publisher, distributor, etc. New Age
Date of publication, distribution, etc. 1995
300 ## - PHYSICAL DESCRIPTION
Extent 352p.
650 ## - SUBJECT ADDED ENTRY--TOPICAL TERM
Topical term or geographic name entry element Banks and Banking - India
650 ## - SUBJECT ADDED ENTRY--TOPICAL TERM
Topical term or geographic name entry element Banks -India
Holdings
Withdrawn status Lost status Damaged status Not for loan Permanent Location Current Location Date acquired Full call number Barcode Date last seen Price effective from Koha item type
        Indian Institute of Public Administration Indian Institute of Public Administration 1995-12-04 T42x54 M119 70076 2018-07-21 2018-07-21 Book

Powered by Koha